Business Development Service (Record no. 120053)
[ view plain ]
| 000 -LEADER | |
|---|---|
| fixed length control field | 00740cam a2200169 4500 |
| 001 - CONTROL NUMBER | |
| control field | WS118249 |
| 008 - FIXED-LENGTH DATA ELEMENTS--GENERAL INFORMATION | |
| fixed length control field | 020530n 000 0 eng u |
| 035 ## - SYSTEM CONTROL NUMBER | |
| System control number | (Sirsi) u118249 |
| 245 ## - TITLE STATEMENT | |
| Title | Business Development Service |
| 520 ## - SUMMARY, ETC. | |
| Summary, etc. | Site for this executive agency of the Department of Finance and Personnel Northern Ireland which aims to provide 'quality business support and improvement services to the pubic sector in Northern Ireland'. Includes details of the consultancy services offered. |
| 650 ## - SUBJECT ADDED ENTRY--TOPICAL TERM | |
| Topical term or geographic name entry element | GOVERNMENT |
| 650 ## - SUBJECT ADDED ENTRY--TOPICAL TERM | |
| Topical term or geographic name entry element | NORTHERN IRELAND |
| 650 ## - SUBJECT ADDED ENTRY--TOPICAL TERM | |
| Topical term or geographic name entry element | BUSINESS ADVICE |
| 690 ## - LOCAL SUBJECT ADDED ENTRY--TOPICAL TERM (OCLC, RLIN) | |
| Topical term or geographic name as entry element | MANAGEMENT-BUSINESS MANAGEMENT |
| 856 40 - ELECTRONIC LOCATION AND ACCESS | |
| Uniform Resource Identifier | <a href="https://www.nics.gov.uk/bds">https://www.nics.gov.uk/bds</a> |
| Public note | View the website free of charge at www.nics.gov.uk/bds... |
| 942 ## - ADDED ENTRY ELEMENTS (KOHA) | |
| Suppress in OPAC | 0 |
| Withdrawn status | Lost status | Source of classification or shelving scheme | Damaged status | Not for loan | Home library | Current library | Shelving location | Date acquired | Total Checkouts | Full call number | Barcode | Date last seen | Copy number | Price effective from | Koha item type |
|---|---|---|---|---|---|---|---|---|---|---|---|---|---|---|---|
| Dewey Decimal Classification | Virtual | Virtual | Online | 30/05/2002 | WEB SITE | 118249-2001 | 06/08/2019 | 1 | 06/08/2019 | Online material |